Konjunkturálne tendencie v hospodárstve Ruska Príloha Hospodárskych novín

Monitor hospodárskeho vývoja Ruska. Vývoj salda zahraničného obchodu, devízového kurzu, priemyselnej výroby, maloobchodného obratu, ťažby surovej ropy, zemného plynu, čierneho uhlia a výroby elektriny.

Salvato in:
Dettagli Bibliografici
Natura: Capitolo di libro
Lingua:slovacco
Soggetti:
Tags: Aggiungi Tag
Nessun Tag, puoi essere il primo ad aggiungerne!!

MARC

LEADER 00000naa a2200000 4500
001 r020755
005 20230801103306.7
041 0 |a slo 
044 |a SK 
245 1 0 |a Konjunkturálne tendencie v hospodárstve Ruska  |b Príloha Hospodárskych novín 
520 |a Monitor hospodárskeho vývoja Ruska. Vývoj salda zahraničného obchodu, devízového kurzu, priemyselnej výroby, maloobchodného obratu, ťažby surovej ropy, zemného plynu, čierneho uhlia a výroby elektriny. 
610 2 0 |a Rusko 
610 2 0 |a 1994 
610 2 0 |a 1995 
610 2 0 |a situácia hospodárska 
610 2 0 |a konjunktúra hospodárska 
610 2 0 |a ukazovatele ekonomické 
610 2 0 |a vývoj hospodársky